| 000 | 00574 a2200193 4500 | ||
|---|---|---|---|
| 001 | 61679 | ||
| 005 | 20260407155907.0 | ||
| 008 | 260407a1970 arg spa d | ||
| 003 | AR-UNSa-BCEJYS | ||
| 040 |
_aAR-UNSa-BCEJYS _bspa _cAR-UNSa-BCEJYS |
||
| 080 |
_a347.44 _xContratos en general. Obligaciones |
||
| 245 | 1 | 0 |
_aTeorÃa general del contrato _pDoctrina. Legislación. Jurisprudencia |
| 264 | 1 |
_aRosario : _bOrbir _c1970 |
|
| 300 |
_a599 p. _c22 cm. |
||
| 041 | _aspa | ||
| 942 | _cBK | ||
| 590 | _aniveau_biblio:m niveau_hierar:0 | ||
| 100 | 1 | _aMosset Iturraspe, Jorge | |
| 999 |
_c7355 _d7355 |
||